00527nam a2200193 a 4500001001300000003000900013005001700022008004100039020001000080082001700090100003400107245002800141260004700169300000900216500003500225505001000260650002900270700003400299nice12345678IN_TiNIC20260116015256.0050524s1982 chia grp 000 0 eng  ac10000a686.224bUNI aUniversity Of Chicago Press,  aChicago Manual of Style aChicagobUniversity of Chicago Pressc1982 a738p aincludes index and biblioraphy2 aIndex aPrinting-Practical-style1 aUniversity Of Chicago Press,